Soviet theory of knowledge /

Bibliographic Details
Main Author: Blakeley, Thomas J.
Format: Book
Language:English
Published: Dordrecht, Holland : D. Reidel Pub. Co., [1964]
Series:Sovietica; monographs of the Institute of East-European Studies, University of Fribourg, Switzerland
Subjects:

MARC

Tag First Indicator Second Indicator Subfields
LEADER 00000cam a2200000 4500
001 in00000062025
005 20151008051112.0
008 711215s1964 eng u
010 |a  66051904  
035 |a (OCoLC)00182856 
035 |9 AAG5739AM 
040 |c OUN  |d TXA  |d UtOrBLW 
049 |a TXAM  |c [467261] 
050 0 |a BD161  |b .B47 
092 |a 121  |b B636s 
100 1 |a Blakeley, Thomas J. 
245 1 0 |a Soviet theory of knowledge /  |c [by] Thomas J. Blakeley. 
264 1 |a Dordrecht, Holland :  |b D. Reidel Pub. Co.,  |c [1964] 
300 |a vii, 203 pages ;  |c 23 cm. 
336 |a text  |b txt  |2 rdacontent 
337 |a unmediated  |b n  |2 rdamedia 
338 |a volume  |b nc  |2 rdacarrier 
490 0 |a Sovietica; monographs of the Institute of East-European Studies, University of Fribourg, Switzerland 
504 |a Bibliography: pages 146-193. 
650 0 |a Knowledge, Theory of. 
650 0 |a Dialectical materialism. 
999 |a MARS 
999 f f |s e671b2e4-0e32-3f1c-9540-b46d81fcd266  |i 77b13177-cf24-3c2f-98da-9fcbe7f2c680  |t 0 
952 f f |p ric  |a Texas A&M University  |b Rellis Campus  |c Joint Library Facility  |d Remote Storage  |t 0  |e BD161 .B47  |h Library of Congress classification  |i unmediated -- volume  |m A14800507457 
998 f f |a BD161 .B47  |t 0  |l Remote Storage